Strategic management essentials / Robert Grant, Peter A. Murray, Stuart Orr, Bella Butler, Pieter-Jan Bezemer. (Record no. 22661)

000 -LEADER
fixed length control field 01095nam a22002297a 4500
020 ## - INTERNATIONAL STANDARD BOOK NUMBER
ISBN 9780730385769
082 ## - DEWEY DECIMAL CLASSIFICATION NUMBER
Classification number 658.4012
Item number G763s 2021
100 ## - MAIN ENTRY--AUTHOR NAME
Personal name Grant, Robert,author.
245 ## - TITLE STATEMENT
Title Strategic management essentials / Robert Grant, Peter A. Murray, Stuart Orr, Bella Butler, Pieter-Jan Bezemer.
250 ## - EDITION STATEMENT
Edition statement 1st edition.
260 ## - PUBLICATION, DISTRIBUTION, ETC. (IMPRINT)
Place of publication Milton, QLD :
Name of publisher John Wiley & Sons Australia,Ltd,
Year of publication 2021.
300 ## - PHYSICAL DESCRIPTION
Number of Pages 1 online resource, x, 318 pages ;
500 ## - GENERAL NOTE
General note Includes bibliographical references and index.
520 ## - SUMMARY, ETC.
Summary, etc With all the essentials of strategic management for time-poor students, Grant et al.’s Strategic Management, Essentials Edition is designed for modern day undergraduates and MBA students. This Essentials edition offers practical, current and real-world content to give you the best foundation to build your course upon.
650 ## - SUBJECT ADDED ENTRY--TOPICAL TERM
Topical Term Strategic management
650 ## - SUBJECT ADDED ENTRY--TOPICAL TERM
Topical Term Business planning
700 ## - ADDED ENTRY--PERSONAL NAME
Personal name Murray, Peter A., author.
700 ## - ADDED ENTRY--PERSONAL NAME
Personal name Orr, Stuart, author.
700 ## - ADDED ENTRY--PERSONAL NAME
Personal name Butler, Bella, author.
700 ## - ADDED ENTRY--PERSONAL NAME
Personal name Bazemer, Pieter-Jan, author.
942 ## - ADDED ENTRY ELEMENTS (KOHA)
Koha item type Electronic Books
Holdings
Source of acquisition Permanent Location Date acquired Koha item type Lost status Shelving location Current Location Withdrawn status Full call number
DonationsCagayan State University - Carig Library2026-04-16Electronic Books E-Resource SectionCagayan State University - Carig Library 658.4012 G763s 2021

Cagayan State University University Library, Carig Campus
Tuguegarao City, Cagayan 3500 | www.csucarig.edu.ph

Powered by Koha